000
00352nam a2200145Ia 4500
008
230718s9999 xx 000 0 und d
041
_a
Eng.
082
_a
348.5491
_b
MUH-Y
100
_a
Muhammad wahaj azhar
245
0
_a
Yearly law report
260
_a
Pakistan
_b
Yearly law reporter pakistan
_c
2021
300
_a
626
650
_a
Law
999
_c
32983
_d
32983